000
00276nam a22001337a 4500
008
181022b xxu||||| |||| 00| 0 eng d
020
_a
0155055542
041
_a
eng
080
_a
316
100
_a
50
101
_a
SOC
245
_a
Sociology
_c
Giddens,A
942
_2
udc
_c
BK
999
_c
50378
_d
50378